000 01457nam0a22003011 4500
001 v19\rc\1423043
005 20210205163956.0
035 _a(NLR Aleph) 004549298
090 _a2118660
_c2118660
100 _a20060512e18841883|||y0rusy50 ca
101 0 _arus
102 _aRU
105 _ay z |||||
200 1 _aК вопросу о высоком камнесечении
_eСлучай Sectionisalt ae с последоват. примитив. лечением по опытам Pitha-Gunther'а, выздоровление
_f(Из Зубрил. кн. Прозоровского-Голицына больницы, существующей в Балашов. у. Сарат. губ.)
_g[Соч.] Д-ра мед. С.И. Попова
210 _a[Санкт-Петербург]
_cтип. П.И. Шмидта
_dценз. 1884
215 _a15 с.
_d20
309 _aБез тит. л. и обл.
311 _aОтт. из "Рус. медицины", № 35 и 36, 1883 г.
488 0 _12001#$aРусская медицина$v1883, № 35, 36
_tРусская медицина
700 1 _aПопов
_bС. И.
_cд-р медицины, эпидемиология
_f1848-
_gСергей Иванович
_9226391
_3RU\NLR\AUTH\770226447
801 0 _aRU
_bNLR
_gpsbo
801 0 _aRU
_bRuMoRGB
_2psbo
801 1 _aRU
_bProSoft-M
_2rusmarc
852 _aNLR
_j18.155.1.502
899 _aRuMoRGB
_jU 269/137
942 _cBOOK
980 _aNB